Physics finish faster (Record no. 188438)

000 -LEADER
fixed length control field 01489 a2200181 4500
003 - CONTROL NUMBER IDENTIFIER
control field Nust
005 - DATE AND TIME OF LATEST TRANSACTION
control field 20221207110007.0
020 ## - INTERNATIONAL STANDARD BOOK NUMBER
International Standard Book Number 8179681290
040 ## - CATALOGING SOURCE
Transcribing agency Nust
082 ## - DEWEY DECIMAL CLASSIFICATION NUMBER
Classification number 530, KUM
100 ## - MAIN ENTRY--PERSONAL NAME
Personal name Kumar, Narinder
9 (RLIN) 104314
245 ## - TITLE STATEMENT
Title Physics finish faster
Statement of responsibility, etc. Narinder Kumar
260 ## - PUBLICATION, DISTRIBUTION, ETC.
Place of publication, distribution, etc. New Delhi
Name of publisher, distributor, etc. Golden Bells
Date of publication, distribution, etc. 2008
300 ## - PHYSICAL DESCRIPTION
Extent 563 p.
505 ## - FORMATTED CONTENTS NOTE
Formatted contents note Units Measurements and Dimensions (Page-1-13), Significant Figures and Error Analysis (Page-14-19), Motion in one Dimension (Page-20-43), Vectors (Page-44-61), Motion in two and Three Dimension (Page,-62-76), Law of Motions (Page-77-100), Worked Energy and Power (Page-101-119), Rotational Motion (Page-120-147), Gravitation (Page-148-175), Solids (Page-176-188), Fluids (Page-189-190), Surface Tension (Page-200-209), Fluids in Motion (Page-210-220), Kinetic Theory of Gases (Page-221-229), Heat and Thermodynamics (Page-230-259), Oscillations and Waves (Page-260-284), Electronic Fields Potential and Capacitors (Page-285-305), Current Electric Thermal and Chemical Effect of Current (Page-306-333), Magnetic Effect of Current and Magnetism (Page-334-372), Electromagnetic Induction and Alternation Current (Page-373-400), Optics (Page-401-468), Electrons and Dual Nature of Matter and Radiation (Page-469-490), Atomic and Nuclear Physics (Page-491-516), Solids and Semiconductor Devices Electromagnetic Waves and Principles of Communication (Page-517-541), Universe (Page-542-547).
650 ## - SUBJECT ADDED ENTRY--TOPICAL TERM
Topical term or geographic name entry element Physics
942 ## - ADDED ENTRY ELEMENTS (KOHA)
Source of classification or shelving scheme
Koha item type Book
Holdings
Withdrawn status Lost status Source of classification or shelving scheme Damaged status Not for loan Permanent Location Current Location Shelving location Date acquired Full call number Barcode Date last seen Price effective from Koha item type Public note
          Military College of Signals (MCS) Military College of Signals (MCS) Fiction 12/12/2016 530, KUM MCS34640 12/08/2016 12/12/2016 Book Almirah No.15, Shelf No.3
© 2023 Central Library, National University of Sciences and Technology. All Rights Reserved.